01214nam a2200289Ia 4500003000400000005001700004008004100021020001500062040002100077041000800098082002500106100003300131245006600164260003200230300007700262490002700339500003700366504004800403505013300451650005300584650004600637650005900683700003600742942001200778999001500790952011900805OSt20210423102413.0210310s1979 fr ad fr 000 0 fre d a2717801081 aCO-JMCRcCO-JMCR0 afre04a336.007 /bC949e2231 aCros, Robert, 915289eautor10aEtudes d'économie publique / cRobert Cros, Denise Flouzat  aParis : bEconomica, c1979 b136 páginas : ailustraciones y gráficos a blanco y negro ; c24 cm.0 aSciences Économiques aIncluye notas a pie de página. aBibliografía al final de cada capítulo.0 aL´équité et l´offre optimale de biens collectifs -- Etude critique du concept d´équité horizontale en matiere fiscale14aBienes públicos xModelos matemáticos93708024aFiscalidad xModelos matemáticos93708124aEconomía del bienestarxModelos matemáticos9370821 aFlouzat, Denise, eautor937083 2ddccBK c7731d7731 00102ddc40708NFICaCPLbCPLd2018-04-15eDonacióno336.007 / C949ep430004477r2024-05-16 00:00:00tEj.1yBK